Statistics for General Knowledge Quiz #79

Click here to take the quiz!

General Stats

  • This quiz has been taken 50,397 times
    (14,917 since last reset)
  • The average score is 13 of 20

Answer Stats

Question Answer % Correct
Under what plant is it customary to kiss during the Christmas season?Mistletoe
94%
What does the L stand for in LED?Light
92%
What is the main ingredient in guacamole?Avocados
92%
What utensil is a combination of a fork and a spoon?Spork
92%
What country does the band ABBA hail from?Sweden
90%
What singer had two hit songs that started with "Like a"?Madonna
78%
What holiday do many British Commonwealth countries celebrate on December 26th?Boxing Day
77%
On what TV show would you see a van called the Mystery Machine?Scooby Doo
77%
If ultimate means last, what word means second-to-last?Penultimate
72%
What does a tanner make?Leather
70%
What is the common name for animals in the taxonomical class "Aves"?Birds
64%
What iconic American species saw its population reduced from 60 million to
less than 1,000 during the 19th century?
American Bison
53%
What fictional character visited Lilliput and Brobdingnag?Lemuel Gulliver
49%
What is the most common surname in Korea?Kim
49%
What religious text gives its name to a Tony award-winning musical from 2011?The Book of Mormon
48%
What 1978 horror film introduced Jamie Lee Curtis to the big screen?Halloween
46%
What city is famously 5,280 feet above sea level?Denver
43%
In what country did the movie "The Last King of Scotland" take place?Uganda
36%
What type of animal does mohair come from?Angora Goat
35%
Who has the phone number 867-5309?Jenny
29%

Score Distribution

Percentile by Number Answered

Percent of People with Each Score

Your Score History

You have not taken this quiz since the last reset